Исследование кинетики синтеза из окиси углерода и водяного пара проточно-циркуляционным методом; Известия Томского политехнического института [Известия ТПИ]; Т. 300 : Органическая химия

Bibliografske podrobnosti
Parent link:Известия Томского политехнического института [Известия ТПИ]/ Томский политехнический институт (ТПИ).— , 1944-1976
Т. 300 : Органическая химия.— 1977.— [С. 132-134]
Glavni avtor: Ушева Н. В. Наталья Викторовна
Izvleček:Заглавие с титульного листа
Электронная версия печатной публикации
Для исследования кинетики реакции взаимодействия окиси углерода и водяного пара применен безградиентный метод. Представлена схема и методика работы на проточно-циркуляционной установке для исследования гетерогенных каталитических реакций. Для температуры 210° С и обратной объемной скорости 0,9 сек определена скорость процесса.
Jezik:ruščina
Izdano: 1977
Teme:
Online dostop:Черно-белая версия для предварительного просмотра
Цветная версия без потери качества
Format: Elektronski Book Chapter
KOHA link:https://koha.lib.tpu.ru/cgi-bin/koha/opac-detail.pl?biblionumber=240712

MARC

LEADER 00000nla2a2200000 4500
001 240712
005 20231031205754.0
035 |a (RuTPU)RU\TPU\book\261971 
035 |a RU\TPU\book\261969 
090 |a 240712 
100 |a 20130624d1977 k y0rusy50 ca 
101 0 |a rus 
102 |a RU 
135 |a drnn ---uucaa 
181 0 |a i  
182 0 |a b 
200 1 |a Исследование кинетики синтеза из окиси углерода и водяного пара проточно-циркуляционным методом  |b Электронный ресурс  |f Н. В. Ушева 
203 |a Текст  |c электронный 
215 |a 2 файла (138 Кб, 7.3 Мб) 
230 |a Электронные текстовые данные (2 файла : 138 Кб, 7.3 Мб) 
300 |a Заглавие с титульного листа 
300 |a Электронная версия печатной публикации 
320 |a [Библиогр.: с. 134 (3 назв.)] 
330 |a Для исследования кинетики реакции взаимодействия окиси углерода и водяного пара применен безградиентный метод. Представлена схема и методика работы на проточно-циркуляционной установке для исследования гетерогенных каталитических реакций. Для температуры 210° С и обратной объемной скорости 0,9 сек определена скорость процесса. 
337 |a Adobe Reader 
461 1 |0 (RuTPU)RU\TPU\book\200995  |t Известия Томского политехнического института [Известия ТПИ]  |f Томский политехнический институт (ТПИ)  |d 1944-1976 
463 1 |0 (RuTPU)RU\TPU\book\261858  |t Т. 300 : Органическая химия  |v [С. 132-134]  |d 1977  |p 150 с. 
610 1 |a электронный ресурс 
610 1 |a труды учёных ТПУ 
675 |a 66.074.48  |v 3 
700 1 |a Ушева  |b Н. В.  |c химик  |c доцент Томского политехнического университета, кандидат химических наук  |f 1948-  |g Наталья Викторовна  |2 stltpush  |3 (RuTPU)RU\TPU\pers\24906 
801 1 |a RU  |b 63413507  |c 20090320  |g PSBO 
801 2 |a RU  |b 63413507  |c 20130704  |g PSBO 
856 4 |u http://www.lib.tpu.ru/fulltext/v/Bulletin_TPU/1977/v300/38_bw.pdf  |z Черно-белая версия для предварительного просмотра 
856 4 |u http://www.lib.tpu.ru/fulltext/v/Bulletin_TPU/1977/v300/38_full.pdf  |z Цветная версия без потери качества 
942 |c CF